Anagrammi dei Calciatori - Quiz n°40 - Statistics

Statistiche generali
  • Questo quiz è stato fatto 3 volte
  • Il punteggio medio è 7 su 10
Statistiche sulle risposte
Anagramma Calciatore % Corretto
essein Essien
100%
aorndramga Mandragora
100%
vednap Pandev
100%
atpgean Petagna
100%
lraolrc Carroll
67%
ccual Lucca
67%
ivmćosakmi Maksimović
67%
mnliadi Maldini
67%
illoba Albiol
33%
nclaeolj Callejon
33%
Nessun quiz corrispondente trovato
Distribuzione punteggi
Percentuale di utenti per punteggio
Percentile per numero di risposta
I tuoi punteggi nel tempo
Non hai fatto questo quiz